The cutting edge : Khoe-San rock-markings at the Gestoptefontein-Driekuil engraving complex, North West Province, South Africa /

Addresses rock engravings on the wonderstone hills just outside Ottosdal, South Africa. Much of the rock art has been destroyed due to mining activities, with very few records and the largest remaining outcrop is still threatened. The study hopes to bring this situation to the attention of the publi...

Full description

Saved in:

Main Author: Hollmann, Jeremy C. (Author)

Format: eBook

Language: English

Published: Summertown, Oxford : Archaeopress Publishing Ltd, 2017.

Series: Cambridge monographs in African archaeology ; 97.

Subjects:

Online Access: Login to view Source

Tags: Add Tag

No Tags, Be the first to tag this record!

Call Number: GN799.P4

LEADER 01992nam a2200397 i 4500
001 EDZ0001947048
003 StDuBDS
005 20230412182043.0
006 m|||||o||d||||||||
007 cr |||||||||||
008 171103s2017 enka fob 000|0|eng|d
020 |a 9781784917043 (ebook) :  |c No price 
040 |a StDuBDS  |b eng  |c StDuBDS  |e rda  |e pn 
050 4 |a GN799.P4 
082 0 4 |a 709.01130968  |2 23 
100 1 |a Hollmann, Jeremy C.,  |e author. 
245 1 4 |a The cutting edge :  |b Khoe-San rock-markings at the Gestoptefontein-Driekuil engraving complex, North West Province, South Africa /  |c Jeremy Charles Hollmann. 
264 1 |a Summertown, Oxford :  |b Archaeopress Publishing Ltd,  |c 2017. 
300 |a 1 online resource (x, 394 pages) :  |b illustrations (black and white, and colour). 
336 |a text  |2 rdacontent 
336 |a still image  |2 rdacontent 
337 |a computer  |2 rdamedia 
338 |a online resource  |2 rdacarrier 
490 1 |a Cambridge monographs in African archaeology ;  |v 97 
500 |a Previously issued in print: 2017. 
504 |a Includes bibliographical references. 
520 8 |a Addresses rock engravings on the wonderstone hills just outside Ottosdal, South Africa. Much of the rock art has been destroyed due to mining activities, with very few records and the largest remaining outcrop is still threatened. The study hopes to bring this situation to the attention of the public and the heritage authorities. 
521 |a Specialized. 
588 |a Description based on online resource; title from home page (viewed on October 2, 2018). 
650 0 |a Petroglyphs  |z Africa, Southern. 
776 0 8 |i Print version :  |z 9781784917036 
830 0 |a Cambridge monographs in African archaeology ;  |v 97. 
856 4 0 |3 Archaeopress  |u http://library.arce.org:8087/Archaeopress/Products/9781784917036 
942 |2 lcc  |c EBOOK 
952 |0 0  |1 0  |4 0  |6 GN0799 P4  |7 1  |9 46322  |a ARCH  |b ARCH  |d 2023-04-12  |l 0  |o GN799.P4  |r 2023-04-12 00:00:00  |w 2023-04-12  |y EBOOK 
999 |c 51980  |d 51980